Escritos de dos economistas coloniales: don Antonio de Narváez y la Torre, y don José Ignacio de Pombo /

Bibliographic Details
Main Author: Narváez y la Torre, Antonio, 1753-1812
Other Authors: Pombo, José Ignacio de, -1812, Ortiz, Sergio Elías, 1894-
Format: Book
Language:Spanish
Published: Bogotá : Banco de la República, Archivo de la Economía Nacional, 1965.
Series:Archivo de la economia nacional ; 29.
Subjects:

MARC

Tag First Indicator Second Indicator Subfields
LEADER 00000cam a2200000 4500
001 in00003473186
005 20151206104711.0
008 751002s1965 ck f00010 spam
010 |a  67050291  
035 |a (OCoLC)ocm01671401 
040 |a DLC  |c FUG  |d m.c.  |d TNY  |d UtOrBLW 
043 |a s-ck--- 
090 |a HC197  |b .N3 1965 
092 |a 330.9861  |b N238e 
100 1 |a Narváez y la Torre, Antonio,  |d 1753-1812. 
245 1 0 |a Escritos de dos economistas coloniales: don Antonio de Narváez y la Torre, y don José Ignacio de Pombo /  |c Recopilación e introd. por Sergio Elías Ortiz. 
264 1 |a Bogotá :  |b Banco de la República, Archivo de la Economía Nacional,  |c 1965. 
300 |a 273 pages ;  |c 23 cm. 
336 |a text  |b txt  |2 rdacontent 
337 |a unmediated  |b n  |2 rdamedia 
338 |a volume  |b nc  |2 rdacarrier 
490 1 |a Archivo de la economía nacional ; 29 
505 0 |a Provincia de Santa Marta y Río Hacha del Virreynato de Santafé; informe del gobernador A. de Narváez y la Torre.--Discurso del mariscal de campo de los Reales Exércitos A. de Narváez y la Torre sobre la utilidad de permitir el comercio libre de neutrales en este Reyno.--Informe de J. I. de Pombo, del Consulado de Cartagena, sobre asuntos económicos y fiscales.--Informe del Real Consulado de Cartagena de Indias a la Suprema Junta Provincial de la misma, por el prior de ese cuerpo, J. I. de Pombo. 
541 |a HILTON-K 
651 0 |a Colombia  |x Economic conditions. 
651 0 |a Colombia  |x Social conditions. 
651 0 |a Colombia  |x Commerce  |x History. 
700 1 |a Pombo, José Ignacio de,  |d -1812. 
700 1 |a Ortiz, Sergio Elías,  |d 1894- 
830 0 |a Archivo de la economia nacional ;  |v 29. 
999 |a MARS 
999 f f |s 21b33ca6-5034-37b5-aed9-b824be137447  |i 9fb39150-351f-3d5e-9fd8-2b435bcbf810  |t 0 
952 f f |p ric  |a Texas A&M University  |b Rellis Campus  |c Joint Library Facility  |d Remote Storage  |t 0  |e HC197 .N3 1965  |h Library of Congress classification  |i unmediated -- volume  |m 32060003982846 
998 f f |a HC197 .N3 1965  |t 0  |l Remote Storage